=LDR 00000nam 2200000 4500 =001 INLIS000000000052209 =990 ##$$a 21706588 =005 20180125123642 =990 ##$$a 21706590 =035 ##$$a 0010-0118000397 =990 ##$$a 21706589 =007 ta =990 ##$$a 21706587 =008 180125###########################0###### =990 ##$$a 21706586 =020 ##$$a 978-979-769-897-3 =082 ##$$a 364.168 =084 ##$$a 364.168 YET p =100 #$$a Yetni Garnasih =245 1#$$a Penegakan Hukum Anti Pencucian Uang Dan Permasalahannya Di Indonesia /$c Yetni Garnasih =250 ##$$a cet.3 =260 ##$$a Jakarta :$b Rajawali Pers,$c 2016 =300 ##$$a xii, 244 hlm. ; $c 23 cm =500 ##$$a Biografi : hlm. 241-244 =650 ##$$a Hukum Perbankan =504 ##$$a Bibliografi : hlm. 231-235 =990 ##$$a 20712071 =990 ##$$a 20712071 =990 ##$$a 20712071 =990 ##$$a 20712071 =990 ##$$a 20712071 =990 ##$$a 21706586 =990 ##$$a 01201802071 =990 ##$$a 01201802072 =990 ##$$a 01201802073 =990 ##$$a 01201802074 =990 ##$$a 21706587 =990 ##$$a 01201802071 =990 ##$$a 01201802072 =990 ##$$a 01201802073 =990 ##$$a 21706586 =990 ##$$a 21706588 =990 ##$$a 01201802071 =990 ##$$a 01201802072 =990 ##$$a 21706587 =990 ##$$a 21706586 =990 ##$$a 21706589 =990 ##$$a 01201802071 =990 ##$$a 21706588 =990 ##$$a 21706587 =990 ##$$a 21706586 =990 ##$$a 21706590 =990 ##$$a 21706589 =990 ##$$a 21706588 =990 ##$$a 21706587 =990 ##$$a 21706586